Productos naturales: una revisión actualizada de las plantas medicinales (Registro nro. 10199)

Detalles MARC
000 -CABECERA
Campo de control 004910000a22001690004500
090 ## - CLASIFICACIÓN LOCAL
Colección AR
Consecutivo 01113
041 0# - IDIOMA
Código de idioma para texto/pista de sonido o título separado
100 1# - ASIENTO PRINCIPAL--NOMBRE PERSONAL
Nombre personal Madridejos, R.
245 10 - MENCION DE TITULO
Título Productos naturales: una revisión actualizada de las plantas medicinales
650 14 - ASIENTO SECUNDARIO DE MATERIA - TERMINO TEMATICO
Término temático o nombre geográfico como elemento de entrada Plantas útiles
650 14 - ASIENTO SECUNDARIO DE MATERIA - TERMINO TEMATICO
Término temático o nombre geográfico como elemento de entrada Farmacología
650 14 - ASIENTO SECUNDARIO DE MATERIA - TERMINO TEMATICO
Término temático o nombre geográfico como elemento de entrada Fitoterapia
651 #4 - ASIENTO SECUNDARIO DE MATERIA - NOMBRE GEOGRAFICO
-- España
700 1# - ASIENTO SECUNDARIO - NOMBRE PERSONAL
Nombre personal Amado, E.
773 1# - Item fuente:
Título Actualización
Especificación de materiales 412
Descripción física 8
Paginas del Articulo 505-525
Lugar, editorial y fecha de publicación 1997
Información sobre la relación 4
942 ## - ELEMENTOS ADICIONALES (KOHA)
Tipo de ítem Artículo
Existencias
Withdrawn status Lost status Damaged status No para préstamo Colección Ubicación Permanente Ubicación actual Fecha de adquisición Datos de publicación Seriada Total Checkouts Número topográfico Inventario / Código de Barras Date last seen Ejemplar Price effective from Forma de adquisición Tipo de material
      No para Préstamo Hemeroteca Bogotá Bogotá 27/02/2015 Fuera de circulación   AR 01113 011430 25/03/2015 1 25/03/2015   Artículo